| 000 | 00824 a2200265 4500 | ||
|---|---|---|---|
| 003 | Nust | ||
| 005 | 20170207154052.0 | ||
| 010 | _a 2008025013 | ||
| 020 | _a0470389680 (pbk.) | ||
| 020 | _a9780470389683 (pbk.) | ||
| 035 | _a(OCoLC)ocn231834318 | ||
| 040 | _cNust | ||
| 082 | 0 | 0 | _a658.154 |
| 100 | 1 | _aJae K. Shim, Joel G. Siegel. | |
| 245 | 1 | 0 |
_aBudgeting basics and beyond (E-Book) _cJae K. Shim, Joel G. Siegel. |
| 246 | 1 | 4 | _aBudgeting basics & beyond |
| 250 | _a3rd ed. | ||
| 260 |
_aHoboken, N.J. : _bJohn Wiley & Sons, _cc2009. |
||
| 300 |
_ax, 438 p. : _bill. ; _c23 cm. |
||
| 500 | _aIncludes index. | ||
| 650 | 0 | _aBudget in business. | |
| 651 | _aBudgeting basics and beyond (E-Book) | ||
| 700 | 1 | _aSiegel, Joel G. | |
| 856 | 4 | 1 |
_3Table of contents only _uhttp://www.loc.gov/catdir/toc/ecip0820/2008025013.html |
| 942 |
_2ddc _cBK |
||
| 999 |
_c193164 _d193164 |
||